Normal view
MARC view
- Sir Norman Foster and Partners
Entry Corporate Name
001 - CONTROL NUMBER
- control field: 120380
003 - CONTROL NUMBER IDENTIFIER
- control field: NUST
005 - DATE AND TIME OF LATEST TRANSACTION
- control field: 20240214151716.0
008 - FIXED-LENGTH DATA ELEMENTS
- fixed length control field: 240214|| aca||aabn | a|a d
040 ## - CATALOGING SOURCE
- Original cataloging agency: NUST
- Transcribing agency: NUST
110 ## - HEADING--CORPORATE NAME
- Corporate name or jurisdiction name as entry element: Sir Norman Foster and Partners
670 ## - SOURCE DATA FOUND
- Source citation: Work cat.: (NUST): Foster, Norman, 1935- 32444, Carré d'art, Nîmes :, [2011]
